000 00489nab a2200145Ia 4500
003 ES-SlBCS
005 20210601134126.0
008 140529s2012 xxu||||| |||| 00| 0 por d
041 _apor
100 1 _aStarzynski, Wojciech
_9213882
245 0 0 _aO fenômeno de Deus a partir da idea infinitatis em Husserl, Sartre, Lévinas e Marion
_c Wojciech Starzynski
650 0 4 _aInfinito
_9110261
773 0 _tEducaçao e Filosofia
_gvol. 26, nº. 52, 2012, págs. 491-508
_wRev1534
942 _cAR
999 _c607480
_d607480